000 00591nam a2200169Ia 4500
008 090711s9999 xx 000 0 und d
082 _b40208
100 _aजोगळेकर बाळाजी ज.
245 _aसाबणाSो फुगे
260 _bइंदिरा प्रिंटिंग प्रेस
_c1937
300 _a138
600 _aजोगळेकर बाळाजी ज.
630 _aसाबणाSो फुगे
700 _aजोगळेकर बाळाजी ज.
730 _aसाबणाSो फुगे
942 _cBOOK
999 _c306728
_d306728